| 000 | 01129njm a2200337 c 4500 | ||
|---|---|---|---|
| 003 | BLK | ||
| 005 | 20180421002351.0 | ||
| 008 | 180410b bul||n||s|||||||| n|bulo| | ||
| 010 | _aCDD00001189000 | ||
| 040 | _aBLK | ||
| 041 |
_aDEU _cDEU |
||
| 072 | 7 |
_2bullib _aТ11 _xКраезнание - Русе |
|
| 080 |
_aДруги видове песни. - Естрада, джаз. Стари градски. Рок-и попмузика. Чалга(поп-фолк) _b784.7 _x _z784.7 |
||
| 700 | 1 |
_aScience Fiction Theater _eизп. _924034 |
|
| 700 | 1 |
_aGrab, Christoph _eкомп. _911559 |
|
| 139 |
_aScience Fiction Theater _bS 40 |
||
| 245 | 1 | 0 |
_aPimp Town [CD аудио] _cизп. Science Fiction Theater; комп. Christoph Grab. |
| 257 | _aDEU | ||
| 260 |
_аBerlin _bTraumton Rec. _c2010 |
||
| 300 |
_c12 см. Stereo _fбр. в к-т _g1 CD |
||
| 306 | _a44мин. 44сек. | ||
| 380 | _a7 | ||
| 650 | 4 |
_aДжаз _9153283 |
|
| 653 | _aджаз | ||
| 659 | _aН | ||
| 852 |
_aЦб CD 2601 _p0 |
||
| 856 | 4 |
_qpdf _u |
|
| 856 | 4 |
_qpdf _u |
|
| 942 |
_cCDD _n0 |
||
| 944 |
_aCR _c09.09.2010 _kТеодора_Стоянова |
||
| 944 |
_aED _c15.09.2010 _k |
||
| 999 |
_c218702 _d218702 |
||